000 00370nam a22001337a 4500
008 181009b xxu||||| |||| 00| 0 eng d
020 _a9781560724278
041 _aeng
080 _a616.073
100 _a6
101 _aGEN
245 _aOn the Way To Individuality Curerent Methodological Iassues In behavioral Gentics
_cLbuda .M.C
942 _2udc
_cBK
999 _c49223
_d49223